000 00645nam a2200253Ia 4500
005 20260121154912.0
008 008 260114s9999 xx 000 0 eng d
020 _a9781003001720
037 _aEBOOK
040 _aCRL
040 _beng
040 _cCRL
041 _2eng
041 _aeng
084 _qCRL
100 _a Teresa Strong-Wilson
_91012912
245 0 _aTeachers? Ethical Self-Encounters with Counter-Stories in the Classroom
260 _bTaylor and Francis
260 _c2021
856 _uhttp://www.taylorfrancis.com/books/9781003001720
942 _cEBOOK
999 _c1579731
_d1579731